| 000 | 00598nam a2200217Ia 4500 | ||
|---|---|---|---|
| 003 | OSt | ||
| 005 | 20230429102930.0 | ||
| 008 | 210423s2015 xx 000 0 und d | ||
| 020 | _a978-93-5150-10-22 | ||
| 040 | _cAL | ||
| 041 | _aeng | ||
| 082 |
_a158.7 _223 _bSINE |
||
| 100 |
_aSINGH (Dalip) _995000 |
||
| 245 | _aEmotional intelligence at work Ed4: professional guide | ||
| 250 | _a4 | ||
| 260 |
_aNew Delhi _bSage Publications _c2015 |
||
| 300 |
_axvi,167 _bPB |
||
| 365 |
_b299 _cINR |
||
| 906 | _aat ; Ed4: ; Emotional ; guide ; intelligence ; professional ; work | ||
| 942 |
_2ddc _cBK |
||
| 999 |
_c170433 _d170433 |
||